| 000 | 00869nam a2200229 a 4500 | ||
|---|---|---|---|
| 001 | 48381 | ||
| 003 | BD-RjUL | ||
| 005 | 20211209054519.0 | ||
| 008 | 160811s1969 bg ||||| |||| 00| 0 ben d | ||
| 020 | _c: Tk. 5.00 | ||
| 035 | _a(BD-RjUL)48500 | ||
| 040 |
_aBD-RjUL _bben _cBD-RjUL |
||
| 041 | _aben | ||
| 082 |
_223 _a891.4409 _bISM 1969 |
||
| 100 | 1 |
_aইসলাম, আমিনুল _9124257 |
|
| 245 | 1 | 0 |
_aমুসলিম বাংলা সাহিত্যের মূল্যায়ন / _cআমিনুল ইসলাম |
| 260 |
_aঢাকা : _bনলেজ হোম _c১৯৬৯ |
||
| 300 |
_a১২০ পৃ. ; _c২১ সেমি. |
||
| 650 |
_aবাংলা সাহিত্য _xইতিহাস ও সমালোচনা _9118060 |
||
| 650 |
_aBengali literature _xHistory and Criticism _9117020 |
||
| 942 |
_2ddc _cBK |
||
| 999 |
_c48381 _d48381 |
||